| 000 | 01510cam a2200301 4500 | ||
|---|---|---|---|
| 001 | gs 67000171 | ||
| 003 | DLC | ||
| 005 | 20260227111420.0 | ||
| 008 | 690606s1966 ksu b 000 0 eng c | ||
| 010 | _ags 67000171 | ||
| 040 |
_aU.S. Geological Survey Library _cDLC _dDLC |
||
| 050 | 0 | 0 |
_aQE113 _b.A2 no. 182 |
| 082 | 0 | 0 | _a016.553/79/09781 |
| 100 | 1 | _aRoberts, Robert S. | |
| 245 | 1 | 0 |
_aGround water in Kansas : _bbibliography and subject index / _cby Robert S. Roberts and Warren G. Hodson. |
| 260 |
_aLawrence : _b[University of Kansas], _c1966. |
||
| 300 |
_a41 p. ; _c25 cm. |
||
| 490 | 1 |
_aKansas. State Geological Survey. Bulletin _v182 |
|
| 500 | _aUniversity of Kansas publications. | ||
| 500 | _aPrepared as part of the cooperative ground-water program in Kansas conducted by the U.S. Geological Survey, the State Geological Survey of Kansas and other State agencies. | ||
| 501 |
_aWith : Compositional variance in the Plattsmouth Limestone Member (Pennsylvanian) in Kansas / by O. Karmie Galle and Wanda N. Waugh, 1966. Bound together subsequent to publication. _5DLC |
||
| 501 |
_aCopy 2 with : Geology and ground-water resources of Miami County, Kansas / by Don E. Miller, 1966. Bound together subsequent to publication. _5DLC |
||
| 650 | 0 |
_aGroundwater _zKansas _vBibliography. |
|
| 650 | 0 |
_aWater-supply _zKansas _vBibliography. |
|
| 700 | 1 |
_aHodson, Warren Gayler, _d1921- _ejoint author. |
|
| 710 | 2 | _aGeological Survey (U.S.) | |
| 830 | 0 |
_aBulletin (Kansas Geological Survey) ; _v182. |
|
| 999 |
_c30316 _d30316 |
||